THE GUIDE FOR EVERY SCREENWRITER (Record no. 32128)
[ view plain ]
| 000 -LEADER | |
|---|---|
| fixed length control field | 00317nam a22001457a 4500 |
| 003 - CONTROL NUMBER IDENTIFIER | |
| control field | SGT |
| 020 ## - INTERNATIONAL STANDARD BOOK NUMBER | |
| International Standard Book Number | 9781733989633 |
| 082 ## - DEWEY DECIMAL CLASSIFICATION NUMBER | |
| Classification number | 808.23 |
| Item number | CAL |
| 100 ## - MAIN ENTRY--PERSONAL NAME | |
| Personal name | CALHOUN GEOFFREY D |
| 245 ## - TITLE STATEMENT | |
| Title | THE GUIDE FOR EVERY SCREENWRITER |
| 260 ## - PUBLICATION, DISTRIBUTION, ETC. (IMPRINT) | |
| Place of publication, distribution, etc | VSA |
| Year of Publication | 2019 |
| Name of publisher, distributor, etc | FLOR PUB. |
| 300 ## - PAGE DESCRIPTION | |
| No. of Pages | 117 |
| 650 ## - SUBJECT ADDED ENTRY--TOPICAL TERM | |
| Topical term or geographic name as entry element | BJMC |
| 942 ## - ADDED ENTRY ELEMENTS (KOHA) | |
| Source of classification or shelving scheme | Dewey Decimal Classification |
| Koha item type | Books |
| Withdrawn status | Lost status | Source of classification or shelving scheme | Damaged status | Not for loan | Home library | Current library | Shelving location | Date acquired | Vendor Name | SGTU | Bill Number | Full call number | Accession No. (Barcode) | Date last seen | Bill Date | Koha item type | Total Checkouts |
|---|---|---|---|---|---|---|---|---|---|---|---|---|---|---|---|---|---|
| Dewey Decimal Classification | Not For Loan | SGT Science & Social Sciences Library | SGT Science & Social Sciences Library | Reference Book | 21/07/2025 | BRIJWASHI DELHI | SGTU | BW/000214 | 808.23 CAL | MC1236 | 21/07/2025 | Books | |||||
| Dewey Decimal Classification | SGT Science & Social Sciences Library | SGT Science & Social Sciences Library | 21/07/2025 | BRIJWASHI DELHI | SGTU | BW/000214 | 808.23 CAL | MC1237 | 21/07/2025 | Books | |||||||
| Dewey Decimal Classification | SGT Science & Social Sciences Library | SGT Science & Social Sciences Library | 21/07/2025 | BRIJWASHI DELHI | SGTU | BW/000214 | 808.23 CAL | MC1238 | 21/07/2025 | Books | |||||||
| Dewey Decimal Classification | SGT Science & Social Sciences Library | SGT Science & Social Sciences Library | 21/07/2025 | BRIJWASHI DELHI | SGTU | BW/000214 | 808.23 CAL | MC1239 | 21/07/2025 | Books | |||||||
| Dewey Decimal Classification | SGT Science & Social Sciences Library | SGT Science & Social Sciences Library | 21/07/2025 | BRIJWASHI DELHI | SGTU | BW/000214 | 808.23 CAL | MC1240 | 21/07/2025 | Books |